000 00383nam a2200157 4500
005 20260519130012.0
008 260428b |||||||| |||| 00| 0 eng d
020 _a9780521815482
082 _a410
_bCHO-O
100 _aChomsky Noam
245 _aOn Nature And Language
260 _aNew York
_bCambridge University Press
300 _a206p
650 _aEnglish
942 _cBK
999 _c47424
_d47424